| 000 | 01461nam a2200373 a 4500 | ||
|---|---|---|---|
| 001 | ebr10662015 | ||
| 003 | CaPaEBR | ||
| 006 | m u | ||
| 007 | cr cn||||||||| | ||
| 008 | 120312s2012 nyu sb 001 0 eng d | ||
| 010 | _z 2012008371 | ||
| 020 | _z9781433114892 (hardcover : alk. paper) | ||
| 020 | _z1433114895 (hardcover : alk. paper) | ||
| 020 | _z9781453908167 (e-book) | ||
| 040 |
_aCaPaEBR _cCaPaEBR |
||
| 035 | _a(OCoLC)816041813 | ||
| 043 | _an-us--- | ||
| 050 | 1 | 4 |
_aPS323.5 _b.S564 2012eb |
| 082 | 0 | 4 |
_a811/.509 _223 |
| 100 | 1 |
_aSimmons, Thomas, _d1956- |
|
| 245 | 1 | 0 |
_aPoets' first and last books in dialogue _h[electronic resource] / _cThomas Simmons. |
| 260 |
_aNew York : _bP. Lang, _cc2012. |
||
| 300 | _axv, 165 p. | ||
| 440 | 0 |
_aStudies in modern poetry, _x1069-4145 ; _vv. 17 |
|
| 504 | _aIncludes bibliographical references and index. | ||
| 533 |
_aElectronic reproduction. _bPalo Alto, Calif. : _cebrary, _d2013. _nAvailable via World Wide Web. _nAccess may be limited to ebrary affiliated libraries. |
||
| 650 | 0 |
_aAmerican poetry _y20th century _xHistory and criticism _xTheory, etc. |
|
| 650 | 0 | _aIntertextuality. | |
| 650 | 0 |
_aPoetics _xHistory _y20th century. |
|
| 650 | 0 | _aPhenomenology and literature. | |
| 655 | 7 |
_aElectronic books. _2local |
|
| 710 | 2 | _aebrary, Inc. | |
| 856 | 4 | 0 |
_uhttp://site.ebrary.com/lib/rucke/Doc?id=10662015 _zAn electronic book accessible through the World Wide Web; click to view |
| 999 |
_c171263 _d171263 |
||